[Event "Agneaux St Lo U16 op 20th"]
[Site "Agneaux"]
[Date "2018.07.07"]
[Round "1.3"]
[White "Famel, Edouard"]
[Black "Sudlow, James"]
[Result "1-0"]
[WhiteElo "1835"]
[BlackElo "1456"]
[PlyCount "135"]
[EventDate "2018.07.07"]
[EventType "swiss"]
[EventRounds "9"]
[EventCountry "FRA"]
[SourceTitle "EXT 2019"]
[Source "ChessBase"]
[SourceDate "2018.10.10"]
[SourceVersion "1"]
[SourceVersionDate "2018.10.10"]
[SourceQuality "1"]

1. e4 e6 2. d4 d5 3. e5 c5 4. Nf3 cxd4 5. Bd3 Bb4+ 6. Nbd2 Nc6 7. a3 Ba5 8. b4 Bb6 9. Nb3 Qc7 10. Qe2 f6 11. Bf4 fxe5 12. Nxe5 Nxe5 13. Bxe5 Qc3+ 14. Qd2 Qxd2+ 15. Kxd2 Nf6 16. f3 0-0 17. Rhe1 Re8 18. Bxd4 Bxd4 19. Nxd4 e5 20. Nb5 Re7 21. Nd6 b6 22. c4 Rd7 23. c5 bxc5 24. bxc5 Re7 25. Rab1 Rc7 26. Rec1 Bd7 27. Rb4 Bc6 28. Rcb1 Nd7 29. Bf5 g6 30. Be6+ Kg7 31. Rc1 Kf6 32. Bh3 Ke7 33. f4 e4 34. Bxd7 Bxd7 35. Ke3 a5 36. Rb6 Bc6 37. Kd4 Kd7 38. Rc3 h6 39. Rg3 Rg8 40. f5 g5 41. Ke5 Ba8 42. Kd4 Rc6 43. Rxc6 Bxc6 44. Rb3 Rf8 45. Ke5 h5 46. Rg3 g4 47. h4 a4 48. Rc3 Ke7 49. Rc1 Kd7 50. Rb1 Kc7 51. Kd4 Bd7 52. Kxd5 Bxf5 53. Rb7+ Kd8 54. Rb8+ Ke7 55. Rxf8 Be6+ 56. Ke5 Kxf8 57. Nxe4 Ke7 58. c6 Bc4 59. Nf6 Bf1 60. Nd5+ Kd8 61. Kd6 Bxg2 62. c7+ Ke8 63. c8Q+ Kf7 64. Qe6+ Kg7 65. Qe7+ Kg6 66. Qg5+ Kf7 67. Qf6+ Kg8 68. Ne7+ 1-0